Veterinary medical mycology

সংরক্ষণ করুন:
গ্রন্থ-পঞ্জীর বিবরন
প্রধান লেখক: Jungerman, Paul F.
বিন্যাস: গ্রন্থ
ভাষা:Undetermined
প্রকাশিত: Philadelphia Lea & Febiger 1972
বিষয়গুলি:
ট্যাগগুলো: ট্যাগ যুক্ত করুন
কোনো ট্যাগ নেই, প্রথমজন হিসাবে ট্যাগ করুন!
Thư viện lưu trữ: Trung tâm Học liệu Trường Đại học Cần Thơ
LEADER 00453nam a2200169Ia 4500
001 CTU_126134
008 210402s9999 xx 000 0 und d
082 |a 636.0896969 
082 |b J95 
100 |a Jungerman, Paul F. 
245 0 |a Veterinary medical mycology 
260 |a Philadelphia 
260 |b Lea & Febiger 
260 |c 1972 
650 |a Veterinary mycology 
904 |i Nguyên 
980 |a Trung tâm Học liệu Trường Đại học Cần Thơ